| 000 | 00720nam a2200217 a 4500 | ||
|---|---|---|---|
| 001 | 000034888 | ||
| 003 | DO-SdBNP | ||
| 005 | 20250617121546.0 | ||
| 008 | 111021s1974 ag 000 0 spa d | ||
| 040 |
_aDO-SdBNP _bspa _cBNPHU |
||
| 082 |
_a306.362 _bC626a |
||
| 100 | 1 |
_aClementi, Hebe _960447 |
|
| 245 | 1 | 3 |
_aLa abolición de la esclavitud en América Latina / _cHebe Clementi. |
| 260 |
_aBuenos Aires : _bPleyade, _c1974. |
||
| 300 |
_a219 p. ; _c20 cm. |
||
| 590 | _aPerteneció a la biblioteca personal de Juan Isidro Jimenes-Grullón | ||
| 650 | 0 |
_aEsclavitud _zAmérica Latina _913499 |
|
| 650 | 0 |
_aTrata de esclavos _zAmérica Latina _921366 |
|
| 910 | _aValidado. Control de calidad MFF | ||
| 942 |
_2ddc _cLBS1 |
||
| 999 |
_c34379 _d34379 |
||